000 01205nam a2200133Ia 4500
008 220620s9999||||xx |||||||||||||| ||und||
020 _a9783040000000
245 0 _aElectrocatalysts for Oxygen/Hydrogen-Involved Reactions
546 _aEnglish[eng]
650 _aSnSe||2D materials||hydrogen evolution||water splitting||DFT calculations||defect engineering||proton exchange membrane fuel cell||high energy efficiency||durability||degradation||Pt/C catalyst||anode||flexible electronics||nanosheets||SnO2||oxygen reduction reaction||fluorination||density functional theory||non-noble metal catalyst||N-doped carbon catalyst||hydrogen evolution reaction||porous carbon||PtNi alloy||platinum||nanoparticles||electrochemistry||reduced graphite oxide||microwave||ionic liquid||tunable aryl alkyl ionic liquid||metal-organic frameworks (MOF)||electrocatalysis||oxygen evolution reaction (OER)||nickel||ketjenblack||Sm0.5Sr0.5Co1−xNixO3−δ||perovskite||cathode electrocatalyst||OER/ORR||two-dimensional metal-organic framework||ligand||single-atom catalysts||oxygen evolution reaction||n/a
700 _aGuan, Jingqi||Wang, Yin
856 _uhttps://mdpi.com/books/pdfview/book/5371
942 _cEB
999 _c34785
_d34785